Co znajduje się na tarasie lub balkonie? - Statystyki

Ogólne statystyki
  • Ten quiz został rozwiązany 7 razy
  • Średni wynik to 1 z 5
Statystyki odpowiedzi
Hint Odpowiedź % Poprawnych
1. kwiaty
100%
5. parasol
14%
4. donice
0%
2. meble
0%
3. suszarka na pranie
0%
Nie znaleziono quizów pasujących do podanych kryteriów
Rozkład punktacji
Procent ludzi z każdym wynikiem
Percentyl według liczby udzielonych odpowiedzi
Twoja historia wyników
Nie rozwiązałeś tego quizu